Catálogo público

Normal view MARC view

Entry Término temático

Number of records used in: 3

001 - NÚMERO DE CONTROL

  • campo de control: 149787

003 - IDENTIFICADOR DEL NÚMERO DE CONTROL

  • campo de control: CHAP

005 - FECHA Y HORA DE LA ÚLTIMA TRANSACCIÓN

  • campo de control: 20250811125321.0

008 - DATOS DE LONGITUD FIJA

  • campo de control de longitud fija: 220127|| aca||aabn | a|a d

040 ## - FUENTE DE LA CATALOGACIÓN

  • Centro catalogador/agencia de origen: mxchpua
  • Centro/agencia transcriptor: CHAP

150 ## - ENCABEZAMIENTO--TÉRMINO DE MATERIA

  • Término de materia o nombre geográfico como elemento de entrada: Caña de azúcar
  • Subdivisión general: Cultivo
  • Subdivisión geográfica: México

670 ## - FUENTE DE DATOS ENCONTRADOS

  • Cita de la fuente: Work cat.: (OSt)171557: México. Secretaría de Agricultura y Ganadería. Dirección General de la Caña de Azúcar 149784, Resultados de la Zafra 1970-1971 /, 1971